Sports Quiz

Random Sports or WWE Quiz
Score 0/82 Timer 10:00
0 Plays Today
Hint Answer % Correct
1. Survivor Series - Traditional 5 on 5 Survivor Series Match John Cena
99.5%
13. Raw, February 17 - Singles MatchJohn Cena
99.5%
15. Elimination Chamber - WWE World Heavyweight Championship Elimination Chamber MatchJohn Cena
99.5%
18. Payback - Last Man Standing MatchJohn Cena
99.5%
19. Summerslam - WWE World Heavyweight Championship MatchJohn Cena
99.5%
1. Survivor Series - Traditional 5 on 5 Survivor Series Match Seth Rollins
97.8%
3. Elimination Chamber - 6-Man Tag Team MatchSeth Rollins
97.8%
5. Extreme Rules - 6-Man Tag Team MatchSeth Rollins
97.8%
14. Summerslam - Lumberjack MatchSeth Rollins
97.8%
21. Money in the Bank - Money in the Bank Ladder Match for a WWE World Heavyweight Championship ContractSeth Rollins
97.8%
1. Survivor Series - Traditional 5 on 5 Survivor Series Match Big Show
96.8%
20. Wrestlemania - Andre The Giant Memorial Battle RoyalBig Show
96.8%
1. Survivor Series - Traditional 5 on 5 Survivor Series Match Dolph Ziggler
96.7%
11. Smackdown, November 14 - Triple Threat Elimination Intercontinental Championship MatchDolph Ziggler
96.7%
16. Raw, June 23 - Intercontinental Championship MatchDolph Ziggler
96.7%
21. Money in the Bank - Money in the Bank Ladder Match for a WWE World Heavyweight Championship ContractDolph Ziggler
96.7%
22. Raw, March 24 - Intercontinental Championship No. 1 Contender’s Fatal 4-Way MatchDolph Ziggler
96.7%
5. Extreme Rules - 6-Man Tag Team MatchRandy Orton
96.5%
7. Wrestlemania - Triple Threat WWE World Heavyweight Championship MatchRandy Orton
96.5%
15. Elimination Chamber - WWE World Heavyweight Championship Elimination Chamber MatchRandy Orton
96.5%
23. Smackdown, February 14 - Singles MatchRandy Orton
96.5%
3. Elimination Chamber - 6-Man Tag Team MatchDean Ambrose
96.1%
3. Elimination Chamber - 6-Man Tag Team MatchRoman Reigns
96.1%
5. Extreme Rules - 6-Man Tag Team MatchDean Ambrose
96.1%
5. Extreme Rules - 6-Man Tag Team MatchRoman Reigns
96.1%
14. Summerslam - Lumberjack MatchDean Ambrose
96.1%
21. Money in the Bank - Money in the Bank Ladder Match for a WWE World Heavyweight Championship ContractDean Ambrose
96.1%
5. Extreme Rules - 6-Man Tag Team MatchTriple H
96%
Hint Answer % Correct
8. Wrestlemania - Singles MatchTriple H
96%
1. Survivor Series - Traditional 5 on 5 Survivor Series Match Kane
95.9%
25. Extreme Rules - Extreme Rules WWE World Heavyweight Championship MatchKane
95.9%
1. Survivor Series - Traditional 5 on 5 Survivor Series Match Luke Harper
95.3%
3. Elimination Chamber - 6-Man Tag Team MatchLuke Harper
95.3%
10. Battleground - 2-out-of-3-Falls WWE Tag Team Championship MatchLuke Harper
95.3%
1. Survivor Series - Traditional 5 on 5 Survivor Series Match Erick Rowan
94.7%
3. Elimination Chamber - 6-Man Tag Team MatchErick Rowan
94.7%
10. Battleground - 2-out-of-3-Falls WWE Tag Team Championship MatchErick Rowan
94.7%
7. Wrestlemania - Triple Threat WWE World Heavyweight Championship MatchDaniel Bryan
94.6%
8. Wrestlemania - Singles MatchDaniel Bryan
94.6%
12. Royal Rumble - Singles MatchDaniel Bryan
94.6%
15. Elimination Chamber - WWE World Heavyweight Championship Elimination Chamber MatchDaniel Bryan
94.6%
25. Extreme Rules - Extreme Rules WWE World Heavyweight Championship MatchDaniel Bryan
94.6%
3. Elimination Chamber - 6-Man Tag Team MatchBray Wyatt
94.4%
12. Royal Rumble - Singles MatchBray Wyatt
94.4%
18. Payback - Last Man Standing MatchBray Wyatt
94.4%
5. Extreme Rules - 6-Man Tag Team MatchBatista
93.9%
7. Wrestlemania - Triple Threat WWE World Heavyweight Championship MatchBatista
93.9%
9. NXT ArRIVAL - Singles MatchCesaro
91.7%
11. Smackdown, November 14 - Triple Threat Elimination Intercontinental Championship MatchCesaro
91.7%
13. Raw, February 17 - Singles MatchCesaro
91.7%
15. Elimination Chamber - WWE World Heavyweight Championship Elimination Chamber MatchCesaro
91.7%
20. Wrestlemania - Andre The Giant Memorial Battle RoyalCesaro
91.7%
23. Smackdown, February 14 - Singles MatchCesaro
91.7%
1. Survivor Series - Traditional 5 on 5 Survivor Series Match Mark Henry
89.2%
19. Summerslam - WWE World Heavyweight Championship MatchBrock Lesnar
89.1%
2. NXT TakeOver: R Evolution - NXT Championship MatchSami Zayn
89%
Hint Answer % Correct
4. NXT TakeOver: Fatal 4-Way - Fatal 4-Way NXT Championship MatchSami Zayn
89%
9. NXT ArRIVAL - Singles MatchSami Zayn
89%
1. Survivor Series - Traditional 5 on 5 Survivor Series Match Ryback
88.4%
6. NXT TakeOver - NXT Women's Championship MatchCharlotte
87.5%
2. NXT TakeOver: R Evolution - NXT Championship MatchAdrian Neville
87%
4. NXT TakeOver: Fatal 4-Way - Fatal 4-Way NXT Championship MatchAdrian Neville
87%
1. Survivor Series - Traditional 5 on 5 Survivor Series Match Rusev
86%
10. Battleground - 2-out-of-3-Falls WWE Tag Team Championship MatchJey Uso
85.4%
10. Battleground - 2-out-of-3-Falls WWE Tag Team Championship MatchJimmy Uso
85.4%
15. Elimination Chamber - WWE World Heavyweight Championship Elimination Chamber MatchSheamus
81.1%
22. Raw, March 24 - Intercontinental Championship No. 1 Contender’s Fatal 4-Way MatchSheamus
81.1%
17. Extreme Rules - WeeLC MatchHornswoggle
76.6%
4. NXT TakeOver: Fatal 4-Way - Fatal 4-Way NXT Championship MatchTyson Kidd
75.5%
11. Smackdown, November 14 - Triple Threat Elimination Intercontinental Championship MatchTyson Kidd
75.5%
17. Extreme Rules - WeeLC MatchEl Torito
75.4%
21. Money in the Bank - Money in the Bank Ladder Match for a WWE World Heavyweight Championship ContractKofi Kingston
74.7%
16. Raw, June 23 - Intercontinental Championship MatchBad News Barrett
73.5%
6. NXT TakeOver - NXT Women's Championship MatchNatalya
71.8%
4. NXT TakeOver: Fatal 4-Way - Fatal 4-Way NXT Championship MatchTyler Breeze
68.1%
15. Elimination Chamber - WWE World Heavyweight Championship Elimination Chamber MatchChristian
67.3%
22. Raw, March 24 - Intercontinental Championship No. 1 Contender’s Fatal 4-Way MatchChristian
67.3%
21. Money in the Bank - Money in the Bank Ladder Match for a WWE World Heavyweight Championship ContractJack Swagger
64.6%
22. Raw, March 24 - Intercontinental Championship No. 1 Contender’s Fatal 4-Way MatchAlberto Del Rio
61.8%
21. Money in the Bank - Money in the Bank Ladder Match for a WWE World Heavyweight Championship ContractRob Van Dam
56.3%
24. Summerslam - Singles MatchBrie Bella
52.3%
24. Summerslam - Singles MatchStephanie McMahon
50.6%
Remove Ads.
Support Sporcle.
Get the best of Sporcle when you Go Orange. This ad-free experience offers more features, more stats, and more fun while also helping to support Sporcle. Thank you for becoming a member.

You're not logged in!

Compare scores with friends on all Sporcle quizzes.
OR
Log In

Show Comments

Extras

Top Quizzes Today


Score Distribution

Your Account Isn't Verified!

In order to create a playlist on Sporcle, you need to verify the email address you used during registration. Go to your Sporcle Settings to finish the process.

Report this User

Report this user for behavior that violates our Community Guidelines.

Details: